000 00265nam a2200121Ia 4500
008 190216s9999||||xx |||||||||||||| ||und||
100 _aNull
245 0 _aHindi-Saine Ke Dhanth
260 _bVasunthara Prakashan
300 _a126
650 _aHindi
942 _cBK
999 _c16259
_d16259